00231nam a2200085Ia 4500001000800000005001700008008004100025245004700066260003200113120798520250827022837.0250824s9999 xx 000 0 und d 0aSAFAHATTAN SEÇMELERcMEHMET AKİF ERSOY bK.B.B. KÜLTÜR YAYINLARI